| 000 | 00541nam a2200181 a 4500 | ||
|---|---|---|---|
| 005 | 20210219154645.0 | ||
| 008 | 031006s1967 mx r 000 0 spa d | ||
| 035 | _aUPN01000129599 | ||
| 049 | _aCG | ||
| 050 | 4 |
_aTL798 S3 _bH5.88 |
|
| 100 | 1 | _aHilton, W. F. | |
| 245 | 1 | 0 |
_aSatélites artificiales / _cW. F. Hilton ; tr. Ramón Llull Sala. |
| 260 |
_aBarcelona, Esp. : _bLabor, _c1967. |
||
| 300 |
_a162 p. : _bil. |
||
| 440 | 0 |
_aNueva colección Labor ; _v31 |
|
| 650 | 4 |
_aSATELITES ARTIFICIALES - _xOBRAS DE DIVULGACION |
|
| 905 | _aLibro | ||
| 999 |
_c101771 _d101771 |
||